000 00705nam0a22002291 4500
001 rc\2922182
005 20110814114657.0
035 _a(NLR Aleph) 007072270
090 _a6392521
_c6392521
100 _a20110814d1934 |||y0rusy50 ca
101 0 _arus
102 _aRU
105 _aa z |||||
200 1 _aРеле Бодо
_fД.М. Семиошкин
210 _aМосква
_cСвязьтехиздат
_d1934
_g39 тип. "Мособлполиграф"
215 _aОбл., 36 с.
_cил.
_d17×13 см
700 1 _aСемиошкин
_bД. М.
_gДаниил Матвеевич
801 0 _aRU
_bNLR
_gpsbo
801 1 _aRU
_bELAR
_2rusmarc
852 _aNLR
_j34-9/4559
942 _cBOOK
980 _aNB